[Event "Monarch Assurance Isle of Man 12th"]
[Site "Port Erin IOM"]
[Date "2003.10.03"]
[Round "7.34"]
[White "Gabrielsen, Trond"]
[Black "Lutton, E Josiah"]
[Result "1-0"]
[WhiteElo "2228"]
[BlackElo "2031"]
[PlyCount "73"]
[EventDate "2003.09.27"]
[EventType "swiss"]
[EventRounds "9"]
[EventCountry "IOM"]
[SourceTitle "BritBase"]
[SourceDate "2008.07.14"]
[SourceVersion "1"]
[SourceVersionDate "2008.07.14"]
[SourceQuality "2"]

1. d4 e6 2. Nf3 b6 3. e4 Bb7 4. Bd3 c5 5. O-O Nf6 6. Re1 cxd4 7. Nxd4 Bc5 8.
Nb3 Be7 9. Nc3 O-O 10. e5 Nd5 11. Nb5 Bg5 12. Nd6 Bc6 13. Bxh7+ Kxh7 14. Qh5+
Bh6 15. Bxh6 gxh6 16. Nxf7 Rxf7 17. Qxf7+ Kh8 18. c4 Ne7 19. Qf6+ Kh7 20. Nd4
Na6 21. Qf7+ Kh8 22. Qf6+ Kh7 23. Rad1 Qe8 24. Re3 Ng8 25. Qh4 Bb7 26. Nb5 Bc6
27. Nd6 Qe7 28. Qd4 Rf8 29. Rg3 Nc7 30. b4 Kh8 31. b5 Ba8 32. a4 Qh7 33. a5 Ne7
34. axb6 axb6 35. Qxb6 Nf5 36. Nxf5 Qxf5 37. Qe3 1-0

[Event "Monarch Assurance Isle of Man 12th"]
[Site "Port Erin IOM"]
[Date "2003.10.03"]
[Round "7.35"]
[White "Shepherd, Michael"]
[Black "Bentley, John"]
[Result "0-1"]
[WhiteElo "2037"]
[BlackElo "2211"]
[PlyCount "96"]
[EventDate "2003.09.27"]
[EventType "swiss"]
[EventRounds "9"]
[EventCountry "IOM"]
[SourceTitle "BritBase"]
[SourceDate "2008.07.14"]
[SourceVersion "1"]
[SourceVersionDate "2008.07.14"]
[SourceQuality "2"]

1. d4 Nf6 2. c4 g6 3. Nc3 Bg7 4. e4 d6 5. h3 O-O 6. Bg5 c5 7. d5 b5 8. cxb5 a6
9. bxa6 Qa5 10. Bd2 Bxa6 11. Bxa6 Nxa6 12. Nf3 Rfb8 13. O-O Rxb2 14. Na4 Rxd2
15. Nxd2 Nxe4 16. Nc4 Qb4 17. Rb1 Qxc4 18. Nb6 Qxa2 19. Nxa8 Nb4 20. Nb6 Nc3
21. Ra1 Qxa1 22. Qxa1 Ne2+ 23. Kh1 Bxa1 24. Rxa1 Nc3 25. Ra7 Ncxd5 26. Nc4 Kg7
27. Kg1 Kf6 28. Kf1 Nd3 29. g3 g5 30. Ke2 Ne5 31. Nxe5 Kxe5 32. Kd3 Kf6 33. Rb7
Nb4+ 34. Kc4 Nc6 35. Kd3 Ne5+ 36. Ke3 e6 37. Rc7 Ng6 38. Rc6 Ne7 39. Ra6 d5 40.
Ra7 c4 41. Rc7 Nf5+ 42. Kd2 h5 43. Rc8 h4 44. g4 Ne7 45. Ra8 Ng6 46. Ra3 Nf4
47. Rf3 d4 48. Ra3 c3+ 0-1

[Event "Monarch Assurance Isle of Man 12th"]
[Site "Port Erin IOM"]
[Date "2003.10.03"]
[Round "7.37"]
[White "Daly, Colm"]
[Black "Tagnon, Nicole"]
[Result "1-0"]
[WhiteElo "2355"]
[BlackElo "2071"]
[PlyCount "153"]
[EventDate "2003.09.27"]
[EventType "swiss"]
[EventRounds "9"]
[EventCountry "IOM"]
[SourceTitle "BritBase"]
[SourceDate "2008.07.14"]
[SourceVersion "1"]
[SourceVersionDate "2008.07.14"]
[SourceQuality "2"]

1. c4 b6 2. Nf3 c5 3. b3 Bb7 4. e3 e6 5. Bb2 Nf6 6. g3 Be7 7. Bg2 O-O 8. O-O
Qc7 9. Nc3 a6 10. Qe2 d6 11. Rfd1 Nbd7 12. d4 Rfe8 13. Rac1 Rac8 14. e4 cxd4
15. Nxd4 Qb8 16. h3 Qa8 17. Re1 Bf8 18. Rcd1 Qb8 19. Kh2 Qc7 20. Rc1 Qb8 21.
Nc2 Ne5 22. Nb4 Nfd7 23. Qd2 Nc5 24. Re3 Ncd7 25. Nc2 Bc6 26. Nd4 Ba8 27. Rd1
Nc6 28. Nxc6 Bxc6 29. Ba3 Nc5 30. Bxc5 dxc5 31. e5 Bxg2 32. Kxg2 Rcd8 33. Qe2
Rxd1 34. Qxd1 Rd8 35. Qf3 Rd4 36. Qc6 g6 37. f4 Rd2+ 38. Kf3 Qd8 39. Ne4 Be7
40. Nxd2 Qxd2 41. Qe4 Qxa2 42. Qd3 Qh2 43. h4 Qh3 44. Ke2 Qg2+ 45. Kd1 Kf8 46.
Re2 Qf1+ 47. Kc2 Qa1 48. Qc3 Qa2+ 49. Qb2 Qa5 50. Rd2 b5 51. Rd1 Qb6 52. Qc3
Qc6 53. Qd3 bxc4 54. bxc4 a5 55. Rd2 a4 56. Kb2 f6 57. Ka2 fxe5 58. fxe5 Ke8
59. h5 gxh5 60. Qxh7 Qf3 61. Qg8+ Qf8 62. Qxf8+ Kxf8 63. Rh2 Kg7 64. Rxh5 Kg6
65. g4 Bg5 66. Ka3 Be3 67. Kxa4 Bd4 68. Kb5 Kf7 69. Kc6 Kg7 70. Kd7 Kf7 71.
Rh7+ Kg6 72. Re7 Kg5 73. Kxe6 Kxg4 74. Kd5 Kf5 75. Rf7+ Kg6 76. Rf1 Kg7 77. e6
1-0

[Event "Monarch Assurance Isle of Man 12th"]
[Site "Port Erin IOM"]
[Date "2003.10.03"]
[Round "7.38"]
[White "Fossum, Oystein Boyum"]
[Black "Van Kemenade, Rudy"]
[Result "1-0"]
[WhiteElo "2090"]
[BlackElo "2140"]
[PlyCount "105"]
[EventDate "2003.09.27"]
[EventType "swiss"]
[EventRounds "9"]
[EventCountry "IOM"]
[SourceTitle "BritBase"]
[SourceDate "2008.07.14"]
[SourceVersion "1"]
[SourceVersionDate "2008.07.14"]
[SourceQuality "2"]

1. e4 e5 2. Nc3 Nf6 3. Nf3 Bb4 4. Bc4 d6 5. O-O Bxc3 6. dxc3 O-O 7. Qe2 Nbd7 8.
Ne1 Nc5 9. f3 Ne6 10. Be3 Nh5 11. Nd3 g5 12. g3 Kh8 13. Rae1 f5 14. exf5 Rxf5
15. Bxe6 Bxe6 16. g4 Nf4 17. Nxf4 Rxf4 18. Bxf4 gxf4 19. Kg2 Qg8 20. b3 Bd5 21.
h3 Qg5 22. c4 Bc6 23. Rh1 Rf8 24. Qf2 b6 25. Kh2 Rf6 26. Kg1 Qg6 27. Rh2 a5 28.
Kf1 Qe8 29. a4 Qa8 30. Ke2 Kg8 31. Rf1 Rh6 32. h4 Qd8 33. g5 Rg6 34. Kd2 Qa8
35. Kc1 Qf8 36. Kb2 Qg7 37. Kb1 Qd7 38. Rg1 Qf5 39. Kb2 e4 40. fxe4 Bxe4 41.
Qd4 Rg7 42. Re1 Bc6 43. c3 f3 44. b4 Rf7 45. b5 Bd7 46. Rf2 Qh3 47. Re3 Qg3 48.
Rexf3 Rxf3 49. Qd5+ Kg7 50. Rxf3 Qg2+ 51. Ka3 Qc2 52. Qf7+ Kh8 53. Qf8# 1-0

[Event "Monarch Assurance Isle of Man 12th"]
[Site "Port Erin IOM"]
[Date "2003.10.03"]
[Round "7.39"]
[White "Gruettner, Ralf"]
[Black "Braunlich, Tom"]
[Result "1/2-1/2"]
[WhiteElo "2073"]
[BlackElo "2135"]
[PlyCount "120"]
[EventDate "2003.09.27"]
[EventType "swiss"]
[EventRounds "9"]
[EventCountry "IOM"]
[SourceTitle "BritBase"]
[SourceDate "2008.07.14"]
[SourceVersion "1"]
[SourceVersionDate "2008.07.14"]
[SourceQuality "2"]

1. d4 d5 2. c4 e6 3. Nc3 c6 4. cxd5 exd5 5. Nf3 Bd6 6. Bg5 Qb6 7. Qc2 Ne7 8.
Bxe7 Bxe7 9. Nxd5 cxd5 10. Qxc8+ Bd8 11. Qc3 Nc6 12. e3 Be7 13. a3 O-O 14. Be2
Rac8 15. O-O Na5 16. Qe1 Nb3 17. Rb1 Rc7 18. Bd3 Rfc8 19. Nd2 Rc1 20. Qe2 Rxf1+
21. Nxf1 Nc1 22. Qd1 Qc6 23. Ng3 Nxd3 24. Qxd3 Qc2 25. Qxc2 Rxc2 26. Kf1 b5 27.
Ne2 b4 28. axb4 Bxb4 29. Nf4 Bd2 30. Nxd5 a5 31. b3 f6 32. Nf4 Ra2 33. Nd3 Bb4
34. h3 Kf7 35. Rc1 Ra3 36. Rb1 Ra2 37. Rb2 Ra1+ 38. Ke2 g5 39. Kf3 Ke6 40. Nxb4
axb4 41. Ke4 f5+ 42. Kd3 Kd5 43. f3 Rd1+ 44. Rd2 Re1 45. Re2 Rd1+ 46. Kc2 Ra1
47. Rd2 Re1 48. Kd3 h5 49. Re2 Rd1+ 50. Kc2 Ra1 51. Rd2 Re1 52. Kd3 h4 53. Re2
Rd1+ 54. Kc2 Ra1 55. Rd2 Rf1 56. Kd3 Re1 57. Re2 Rd1+ 58. Kc2 Ra1 59. Kb2 Rd1
60. Kc2 Ra1 1/2-1/2

[Event "Monarch Assurance Isle of Man 12th"]
[Site "Port Erin IOM"]
[Date "2003.10.03"]
[Round "7.40"]
[White "Young, Mel"]
[Black "Coathup, Roger"]
[Result "0-1"]
[WhiteElo "2005"]
[BlackElo "2134"]
[PlyCount "38"]
[EventDate "2003.09.27"]
[EventType "swiss"]
[EventRounds "9"]
[EventCountry "IOM"]
[SourceTitle "BritBase"]
[SourceDate "2008.07.14"]
[SourceVersion "1"]
[SourceVersionDate "2008.07.14"]
[SourceQuality "2"]

1. e4 c5 2. c3 Nf6 3. e5 Nd5 4. d4 cxd4 5. Qxd4 e6 6. Nf3 Nc6 7. Qe4 f5 8. Qe2
Qc7 9. g3 b6 10. Bg2 Ncb4 11. c4 Ba6 12. Na3 Rc8 13. b3 Nc3 14. Qe3 Nbd5 15.
cxd5 Nxd5 16. Qd4 Bb4+ 17. Kd1 Bxa3 18. Bd2 Qc2+ 19. Ke1 Bb2 0-1

[Event "Monarch Assurance Isle of Man 12th"]
[Site "Port Erin IOM"]
[Date "2003.10.03"]
[Round "7.41"]
[White "Moes, Waldemar"]
[Black "Adams, Phil"]
[Result "1-0"]
[WhiteElo "2027"]
[BlackElo "2115"]
[PlyCount "61"]
[EventDate "2003.09.27"]
[EventType "swiss"]
[EventRounds "9"]
[EventCountry "IOM"]
[SourceTitle "BritBase"]
[SourceDate "2008.07.14"]
[SourceVersion "1"]
[SourceVersionDate "2008.07.14"]
[SourceQuality "2"]

1. e4 c5 2. Nf3 Nc6 3. d4 cxd4 4. Nxd4 e5 5. Nb5 d6 6. N1c3 a6 7. Na3 b5 8. Nd5
Nge7 9. c4 Nd4 10. cxb5 Nxd5 11. exd5 Bd7 12. bxa6 Qa5+ 13. Bd2 Qxd5 14. f3 Rc8
15. Rc1 Rxc1 16. Qxc1 Be7 17. Bg5 Bxg5 18. Qxg5 O-O 19. Qd2 Rc8 20. b3 Bf5 21.
Nc4 Nc2+ 22. Kd1 Nd4 23. Nb6 Bc2+ 24. Qxc2 Rxc2 25. Nxd5 Rxa2 26. b4 Kf8 27. b5
Ra1+ 28. Kd2 Nxb5 29. Bxb5 Rxh1 30. Nb6 Ra1 31. Ba4 1-0

[Event "Monarch Assurance Isle of Man 12th"]
[Site "Port Erin IOM"]
[Date "2003.10.03"]
[Round "7.42"]
[White "Egeland, Marte"]
[Black "Fairbairn, Stephen"]
[Result "1-0"]
[WhiteElo "1990"]
[BlackElo "2096"]
[PlyCount "63"]
[EventDate "2003.09.27"]
[EventType "swiss"]
[EventRounds "9"]
[EventCountry "IOM"]
[SourceTitle "BritBase"]
[SourceDate "2008.07.14"]
[SourceVersion "1"]
[SourceVersionDate "2008.07.14"]
[SourceQuality "2"]

1. e4 Nf6 2. e5 Nd5 3. Nf3 d6 4. c4 Nb6 5. Nc3 g6 6. Be2 dxe5 7. Nxe5 Bg7 8. d4
O-O 9. O-O c6 10. Bf4 Be6 11. b3 N8d7 12. Rc1 Nxe5 13. Bxe5 Qd7 14. Ne4 Rad8
15. Nc5 Qc8 16. Nxe6 Qxe6 17. Bg4 f5 18. Bxg7 Kxg7 19. Re1 Qf6 20. Bf3 Rxd4 21.
Rxe7+ Rf7 22. Rxf7+ Kxf7 23. Qe2 Nd7 24. Re1 Kg7 25. Qe8 Rd6 26. h3 Nc5 27.
Re7+ Kh6 28. Rf7 Qa1+ 29. Kh2 Ne6 30. Qe7 Qe5+ 31. g3 Ng5 32. Rxh7+ 1-0

[Event "Monarch Assurance Isle of Man 12th"]
[Site "Port Erin IOM"]
[Date "2003.10.03"]
[Round "7.43"]
[White "Ormsby, Alan"]
[Black "Kovachev, Daniel"]
[Result "1/2-1/2"]
[WhiteElo "1792"]
[BlackElo "2066"]
[PlyCount "92"]
[EventDate "2003.09.27"]
[EventType "swiss"]
[EventRounds "9"]
[EventCountry "IOM"]
[SourceTitle "BritBase"]
[SourceDate "2008.07.14"]
[SourceVersion "1"]
[SourceVersionDate "2008.07.14"]
[SourceQuality "2"]

1. d4 Nc6 2. e4 e5 3. Nf3 exd4 4. Nxd4 Qf6 5. Nxc6 Bc5 6. Qd2 dxc6 7. Nc3 Be6
8. Bd3 Ne7 9. Qf4 Qxf4 10. Bxf4 O-O-O 11. f3 Ng6 12. Bg3 h5 13. Bf2 Bxf2+ 14.
Kxf2 Ne5 15. Rhd1 Nxd3+ 16. Rxd3 Rxd3 17. cxd3 Rd8 18. Ke3 c5 19. f4 f6 20. h4
c6 21. Ne2 Kc7 22. f5 Bf7 23. Nf4 b5 24. Rc1 Kb6 25. a3 a5 26. g3 a4 27. Rc3 b4
28. Rc1 Kb5 29. Rc2 Rg8 30. Rc1 g6 31. fxg6 Bxg6 32. Nxg6 Rxg6 33. Kf4 Rg4+ 34.
Kf5 Rxg3 35. Kxf6 Rxd3 36. e5 bxa3 37. bxa3 Re3 38. e6 c4 39. e7 c3 40. Rxc3
Rxc3 41. e8=Q Rf3+ 42. Kg5 Rxa3 {(=)} 43. Kxh5 Rb3 44. Kg5 a3 45. h5 Kb4 46.
Qxc6 a2 1/2-1/2

[Event "Monarch Assurance Isle of Man 12th"]
[Site "Port Erin IOM"]
[Date "2003.10.03"]
[Round "7.44"]
[White "Brekke, Jorunn M"]
[Black "Murtagh, Dermot"]
[Result "0-1"]
[WhiteElo "1527"]
[BlackElo "1798"]
[PlyCount "112"]
[EventDate "2003.09.27"]
[EventType "swiss"]
[EventRounds "9"]
[EventCountry "IOM"]
[SourceTitle "BritBase"]
[SourceDate "2008.07.14"]
[SourceVersion "1"]
[SourceVersionDate "2008.07.14"]
[SourceQuality "2"]

1. d4 Nf6 2. c4 c5 3. d5 b5 4. cxb5 a6 5. b6 a5 6. Nc3 Ba6 7. Nf3 d6 8. Nd2
Nbd7 9. e4 Bxf1 10. Nxf1 g6 11. Ne3 Bg7 12. Qc2 O-O 13. O-O Nxb6 14. a4 Nfd7
15. Nb5 Nb8 16. Bd2 Nc8 17. Bc3 Na7 18. Bxg7 Kxg7 19. Nc3 Nd7 20. f4 Rb8 21.
Nc4 Rb4 22. Na2 Rb8 23. Qc3+ Kg8 24. Nxa5 f5 25. Nc6 Nxc6 26. dxc6 Nb6 27. a5
Nc8 28. b4 fxe4 29. Qc4+ Kg7 30. Qxe4 Qc7 31. Rfd1 Rb5 32. Rac1 cxb4 33. Nxb4
Qxa5 34. Nd5 Rf5 35. Nxe7 Qa7+ 36. Kh1 Qxe7 37. Qd4+ Qf6 38. Qe4 Rxf4 39. Qd3
Qf5 40. Qc3+ Qf6 41. Qd3 Rff5 42. Qe2 Qe5 43. Qa2 Ra5 44. Qb1 Qb5 45. Qe4 Ra4
46. Qe6 Raf4 47. Rg1 Qb2 48. Rce1 Qc3 49. Qd7+ Rf7 50. Rc1 Qe3 51. Rce1 Qf2 52.
Qe8 Ne7 53. h3 Nf5 54. Qd8 Ng3+ 55. Kh2 Ne4 56. c7 Qg3+ 0-1

[Event "Monarch Assurance Isle of Man 12th"]
[Site "Port Erin IOM"]
[Date "2003.10.03"]
[Round "7.45"]
[White "Loughran, John"]
[Black "De Lange, Hans JG"]
[Result "1-0"]
[WhiteElo "1830"]
[BlackElo "1741"]
[PlyCount "91"]
[EventDate "2003.09.27"]
[EventType "swiss"]
[EventRounds "9"]
[EventCountry "IOM"]
[SourceTitle "BritBase"]
[SourceDate "2008.07.14"]
[SourceVersion "1"]
[SourceVersionDate "2008.07.14"]
[SourceQuality "2"]

1. e4 e5 2. Nf3 d6 3. d4 exd4 4. Bc4 Be6 5. Bxe6 fxe6 6. Nxd4 e5 7. Nf3 Be7 8.
c4 Nc6 9. Nc3 Nf6 10. Ng5 Qd7 11. f3 h6 12. Nh3 Nd4 13. Be3 Ne6 14. Qd2 g5 15.
O-O-O a6 16. Nf2 Qc6 17. Qd3 Qd7 18. h4 gxh4 19. Rxh4 h5 20. Rdh1 O-O-O 21.
R4h2 Kb8 22. g4 Qe8 23. Kb1 Ng7 24. Qd2 Qf7 25. g5 Ng8 26. Qe2 Rf8 27. Rh3 Ne6
28. Rg1 Qg6 29. Nd5 Bd8 30. Qd2 c6 31. Nc3 Bc7 32. Nd3 Ne7 33. Ka1 Rh7 34. Qh2
Qf7 35. b3 Ng6 36. Rxh5 Rxh5 37. Qxh5 Rh8 38. Qg4 Rh4 39. Qg3 Qh7 40. Qg2 Qh5
41. Ne2 Rh2 42. Qf1 Bd8 43. Ng3 Qh7 44. Nf5 Qc7 45. Rg2 Rh5 46. Qg1 {both
scores incorrect... 70 moves} 1-0

[Event "Monarch Assurance Isle of Man 12th"]
[Site "Port Erin IOM"]
[Date "2003.10.04"]
[Round "8.2"]
[White "Epishin, Vladimir"]
[Black "Hebden, Mark"]
[Result "0-1"]
[WhiteElo "2642"]
[BlackElo "2544"]
[PlyCount "66"]
[EventDate "2003.09.27"]
[EventType "swiss"]
[EventRounds "9"]
[EventCountry "IOM"]
[SourceTitle "BritBase"]
[SourceDate "2008.07.14"]
[SourceVersion "1"]
[SourceVersionDate "2008.07.14"]
[SourceQuality "2"]

1. d4 Nf6 2. c4 g6 3. Nc3 Bg7 4. e4 d6 5. Nf3 O-O 6. Be2 e5 7. O-O Nc6 8. d5
Ne7 9. b4 Nh5 10. Qc2 Kh8 11. Re1 f5 12. Ng5 Nf6 13. Bb2 c6 14. exf5 Nxf5 15.
dxc6 bxc6 16. Nce4 Nxe4 17. Nxe4 d5 {(=)} 18. Rad1 Nd4 19. Bxd4 exd4 20. cxd5
cxd5 21. Nc5 Qb6 22. Qb3 Rb8 23. Rb1 d3 24. Bxd3 Bd4 25. Rf1 Qd6 26. Kh1 a5 27.
a3 axb4 28. axb4 Rf4 29. Qc2 Qf6 30. b5 Rh4 31. Qc1 Be5 32. Qe3 Rxh2+ 33. Kg1
Rh1+ 0-1

[Event "Monarch Assurance Isle of Man 12th"]
[Site "Port Erin IOM"]
[Date "2003.10.04"]
[Round "8.3"]
[White "Iordachescu, Viorel"]
[Black "Van der Weide, Karel"]
[Result "1-0"]
[WhiteElo "2606"]
[BlackElo "2412"]
[PlyCount "39"]
[EventDate "2003.09.27"]
[EventType "swiss"]
[EventRounds "9"]
[EventCountry "IOM"]
[SourceTitle "BritBase"]
[SourceDate "2008.07.14"]
[SourceVersion "1"]
[SourceVersionDate "2008.07.14"]
[SourceQuality "2"]

1. e4 c5 2. Nf3 Nc6 3. d4 cxd4 4. Nxd4 Nf6 5. Nc3 d6 6. Bg5 e6 7. Qd2 Be7 8.
O-O-O O-O 9. f3 d5 10. exd5 Nxd5 11. Bxe7 Ncxe7 12. Bc4 Nb6 13. Bb3 Bd7 14. h4
Kh8 15. h5 Ng8 16. h6 g6 17. g4 Qc7 18. Ndb5 Bxb5 19. Nxb5 Qc5 20. Nd6 1-0

[Event "Monarch Assurance Isle of Man 12th"]
[Site "Port Erin IOM"]
[Date "2003.10.04"]
[Round "8.4"]
[White "Motwani, Paul"]
[Black "Fridman, Daniel"]
[Result "0-1"]
[WhiteElo "2525"]
[BlackElo "2592"]
[PlyCount "118"]
[EventDate "2003.09.27"]
[EventType "swiss"]
[EventRounds "9"]
[EventCountry "IOM"]
[SourceTitle "BritBase"]
[SourceDate "2008.07.14"]
[SourceVersion "1"]
[SourceVersionDate "2008.07.14"]
[SourceQuality "2"]

1. d4 Nf6 2. c4 e6 3. g3 d5 4. Bg2 c6 5. Nf3 Bb4+ 6. Nbd2 dxc4 7. O-O b5 8. b3
cxb3 9. Qxb3 a5 10. e4 Bxd2 11. Nxd2 Qxd4 12. e5 Qxe5 13. Bb2 Qf5 14. Rae1 O-O
15. Re5 Qg6 16. f4 h6 17. Nf3 a4 18. Qd1 a3 19. Nh4 Qh7 20. Bc1 Nd5 21. Be4 g6
22. Bxd5 cxd5 23. f5 gxf5 24. Re3 Nc6 25. g4 Qg7 26. Rg3 f4 27. Rxf4 f6 28. Rf2
Qh7 29. Qf1 Ra7 30. g5 hxg5 31. Bxg5 Rg7 32. Bxf6 Rxg3+ 33. hxg3 Qh6 34. Rf4 e5
35. Bg5 Rxf4 36. gxf4 Qh5 37. Qxb5 Qg4+ 38. Kf2 Qe6 39. Qc5 exf4 40. Qc3 d4 41.
Qxa3 Qg4 42. Nf3 Qg3+ 43. Ke2 Ne5 44. Qb3+ Nf7 45. Bf6 Ba6+ 46. Kd1 d3 47. Qb8+
Kh7 48. Qa8 Bc8 49. Qe4+ Kh6 50. Be5 Nxe5 51. Nxe5 Bg4+ 52. Kd2 Qf2+ 53. Kxd3
Bh5 54. Qd4 Qg3+ 55. Kc4 Kg5 56. Nd7 Kh4 57. Qf6+ Kh3 58. Qh6 Qh4 59. Kc3 Kg2 {
time} 0-1

[Event "Monarch Assurance Isle of Man 12th"]
[Site "Port Erin IOM"]
[Date "2003.10.04"]
[Round "8.5"]
[White "Kuzmin, Alexey"]
[Black "Mikhalevski, Victor"]
[Result "0-1"]
[WhiteElo "2583"]
[BlackElo "2523"]
[PlyCount "80"]
[EventDate "2003.09.27"]
[EventType "swiss"]
[EventRounds "9"]
[EventCountry "IOM"]
[SourceTitle "BritBase"]
[SourceDate "2008.07.14"]
[SourceVersion "1"]
[SourceVersionDate "2008.07.14"]
[SourceQuality "2"]

1. d4 Nf6 2. c4 g6 3. Nc3 d5 4. Bf4 Bg7 5. e3 c5 6. dxc5 Qa5 7. Rc1 dxc4 8.
Bxc4 O-O 9. Nge2 Qxc5 10. Qb3 Qa5 11. O-O Nc6 12. h3 Ne5 13. Bxe5 Qxe5 14. Rfd1
Rb8 15. Nd4 Bd7 16. a4 a6 17. Be2 Rfc8 18. Qa3 Bf8 19. b4 e6 20. Nf3 Qa5 21.
Rb1 Qc7 22. Rdc1 a5 23. Ne4 Nxe4 24. Rxc7 Rxc7 25. Qd3 Nc3 26. bxa5 Nxb1 27.
Qxb1 Bxa4 28. Nd4 Rbc8 29. Qa2 Bd7 30. a6 bxa6 31. Qxa6 Bg7 32. Bb5 Bxd4 33.
Bxd7 Rd8 34. Bxe6 Be5 35. f4 Bd6 36. Bd5 Bc5 37. Kf1 Bxe3 38. Qd3 Rc1+ 39. Ke2
Re8 40. Kf3 Bc5 {both scoresheets illegible ... 63 moves} 0-1

[Event "Monarch Assurance Isle of Man 12th"]
[Site "Port Erin IOM"]
[Date "2003.10.04"]
[Round "8.6"]
[White "Del Rio Angelis, Salvador Gabriel"]
[Black "Agdestein, Simen"]
[Result "0-1"]
[WhiteElo "2479"]
[BlackElo "2571"]
[PlyCount "138"]
[EventDate "2003.09.27"]
[EventType "swiss"]
[EventRounds "9"]
[EventCountry "IOM"]
[SourceTitle "BritBase"]
[SourceDate "2008.07.14"]
[SourceVersion "1"]
[SourceVersionDate "2008.07.14"]
[SourceQuality "2"]

1. e4 e5 2. Nf3 Nc6 3. Bb5 a6 4. Ba4 Nf6 5. O-O Be7 6. Re1 b5 7. Bb3 d6 8. c3
O-O 9. h3 Na5 10. Bc2 c5 11. d4 Qc7 12. Nbd2 cxd4 13. cxd4 Nc6 14. Nb3 a5 15.
Be3 a4 16. Nbd2 Qb7 17. a3 Re8 18. b3 axb3 19. Nxb3 Bd7 20. dxe5 dxe5 21. Nc5
Bxc5 22. Bxc5 Be6 23. Rb1 Nd7 24. Bd6 Qa6 25. Re2 h6 26. Bd3 Bc4 27. Bxc4 bxc4
28. Rc2 Nf6 29. Bb4 Rac8 30. Rbc1 Nxb4 31. axb4 Nxe4 32. Re2 f5 33. Qd5+ Qe6
34. Qxe6+ Rxe6 35. Nxe5 Rxe5 36. f3 Kf7 37. fxe4 Rxe4 38. Rec2 Ke6 39. b5 Kd5
40. b6 Rb8 41. Rb2 Rb7 42. Kf2 Kc5 43. Rcb1 c3 44. Rc2 Rc4 45. Rbc1 Kd4 46.
Rd1+ Kc5 47. Rdc1 Kd4 48. Rd1+ Ke4 49. Rd6 f4 50. Re2+ Kf5 51. Rc2 Kg5 52. g3
fxg3+ 53. Kxg3 Kh5 54. Rd3 Rxb6 55. Rcxc3 Rcb4 56. Rc5+ g5 57. Rdc3 Rd6 58.
R5c4 Rb2 59. h4 Rdd2 60. hxg5 hxg5 61. Rc8 Rg2+ 62. Kf3 g4+ 63. Kf4 Rb4+ 64.
Kf5 Rf2+ 65. Ke6 Rb6+ 66. Kd5 Kg5 67. Ke4 Rf4+ 68. Ke3 Rf3+ 69. Ke2 Re6+ 0-1

[Event "Monarch Assurance Isle of Man 12th"]
[Site "Port Erin IOM"]
[Date "2003.10.04"]
[Round "8.9"]
[White "Luther, Thomas"]
[Black "Davies, Nigel"]
[Result "1/2-1/2"]
[WhiteElo "2574"]
[BlackElo "2482"]
[PlyCount "97"]
[EventDate "2003.09.27"]
[EventType "swiss"]
[EventRounds "9"]
[EventCountry "IOM"]
[SourceTitle "BritBase"]
[SourceDate "2008.07.14"]
[SourceVersion "1"]
[SourceVersionDate "2008.07.14"]
[SourceQuality "2"]

1. e4 e5 2. Nf3 Nc6 3. Bb5 a6 4. Ba4 Nf6 5. O-O Be7 6. Re1 b5 7. Bb3 d6 8. c3
O-O 9. h3 Na5 10. Bc2 c5 11. d4 Nd7 12. b3 Qc7 13. d5 Nb6 14. g4 c4 15. b4 Nb7
16. Nbd2 a5 17. Nf1 axb4 18. cxb4 Nd8 19. Ng3 g6 20. Bh6 Re8 21. a4 Nxa4 22.
Bxa4 Rxa4 23. Rxa4 bxa4 24. Qxa4 Bd7 25. Qa6 f5 26. gxf5 Nf7 27. Be3 Rb8 28.
Rb1 c3 29. Qa2 Qc8 30. Qc2 gxf5 31. Nxf5 Bxf5 32. exf5 Qc4 33. Nd2 Qh4 34. Qxc3
Kh8 35. Kf1 Qxh3+ 36. Ke2 Qh5+ 37. f3 Bg5 38. Ne4 Bxe3 39. Qxe3 Qxf5 40. b5 Qd7
41. b6 Qa4 42. Qb3 Qd4 43. Qd3 Qa4 44. Rb3 Qa1 45. Qb5 Nh6 46. Rb1 Qa2+ 47. Rb2
Qa1 48. Rb1 Qa2+ 49. Rb2 1/2-1/2

[Event "Monarch Assurance Isle of Man 12th"]
[Site "Port Erin IOM"]
[Date "2003.10.04"]
[Round "8.10"]
[White "Kogan, Artur"]
[Black "Maze, Sebastien"]
[Result "1-0"]
[WhiteElo "2534"]
[BlackElo "2412"]
[PlyCount "65"]
[EventDate "2003.09.27"]
[EventType "swiss"]
[EventRounds "9"]
[EventCountry "IOM"]
[SourceTitle "BritBase"]
[SourceDate "2008.07.14"]
[SourceVersion "1"]
[SourceVersionDate "2008.07.14"]
[SourceQuality "2"]

1. d4 Nf6 2. c4 e6 3. Nf3 b6 4. Bf4 Bb7 5. e3 Bb4+ 6. Nfd2 O-O 7. a3 Be7 8. Nc3
d5 9. Be2 c5 10. dxc5 bxc5 11. Bf3 Nc6 12. cxd5 Nxd5 13. Nxd5 exd5 14. O-O c4
15. Nb1 Bf6 16. Nc3 Bxc3 17. bxc3 Na5 18. Qc2 Nb3 19. Rad1 f5 20. h3 Bc6 21.
Be5 Qa5 22. g4 fxg4 23. Bxg4 Rae8 24. f4 Qxa3 25. Bf5 Rxf5 26. Qxf5 Qe7 27. Kh2
Rf8 28. Qh5 Rf7 29. Rg1 Nc5 30. Rb1 Nd7 31. Bd4 a6 32. Qh6 Bb5 33. Bxg7 1-0

[Event "Monarch Assurance Isle of Man 12th"]
[Site "Port Erin IOM"]
[Date "2003.10.04"]
[Round "8.11"]
[White "Menacher, Manfred"]
[Black "Barsov, Alexei"]
[Result "0-1"]
[WhiteElo "2327"]
[BlackElo "2526"]
[PlyCount "60"]
[EventDate "2003.09.27"]
[EventType "swiss"]
[EventRounds "9"]
[EventCountry "IOM"]
[SourceTitle "BritBase"]
[SourceDate "2008.07.14"]
[SourceVersion "1"]
[SourceVersionDate "2008.07.14"]
[SourceQuality "2"]

1. e4 e6 2. d4 d5 3. Nc3 Bb4 4. e5 c5 5. a3 Bxc3+ 6. bxc3 Ne7 7. Qg4 O-O 8. Bd3
Qa5 9. Bd2 Nbc6 10. Nf3 f5 11. Qf4 Ng6 12. Qg3 Qa4 13. dxc5 b6 14. cxb6 axb6
15. O-O Ba6 16. h4 Qg4 17. Rfe1 Bxd3 18. cxd3 Ra4 19. Rab1 Rb8 20. Rb3 h6 21.
Be3 Qh5 22. Bd4 Na5 23. Rb5 Rxa3 24. Reb1 Nc6 25. Rxb6 Rxb6 26. Rxb6 Nxd4 27.
cxd4 Nf8 28. Rb1 Rxd3 29. Qf4 Qg4 30. Qh2 Rxf3 0-1

[Event "Monarch Assurance Isle of Man 12th"]
[Site "Port Erin IOM"]
[Date "2003.10.04"]
[Round "8.12"]
[White "Dannevig, Oystein"]
[Black "Arkell, Keith"]
[Result "0-1"]
[WhiteElo "2331"]
[BlackElo "2513"]
[PlyCount "112"]
[EventDate "2003.09.27"]
[EventType "swiss"]
[EventRounds "9"]
[EventCountry "IOM"]
[SourceTitle "BritBase"]
[SourceDate "2008.07.14"]
[SourceVersion "1"]
[SourceVersionDate "2008.07.14"]
[SourceQuality "2"]

1. e4 c6 2. d4 d5 3. Nd2 dxe4 4. Nxe4 Nd7 5. Ng5 Ngf6 6. Bd3 g6 7. Bc4 Nd5 8.
N1f3 Bg7 9. O-O O-O 10. Re1 h6 11. Ne4 b6 12. Bb3 Bb7 13. c4 N5f6 14. Nxf6+
Nxf6 15. Bf4 e6 16. c5 bxc5 17. dxc5 Qxd1 18. Raxd1 Nd5 19. Bd6 Rfd8 20. Ne5 a5
21. Ba4 Rac8 22. a3 Bf8 23. Bxf8 Kxf8 24. Rd3 Kg7 25. Rb3 Rb8 26. Nc4 Ba8 27.
Nxa5 Rxb3 28. Bxb3 Nf4 29. g3 Nd3 30. Rd1 Rd7 31. Ba4 Ra7 32. Rxd3 Rxa5 33. Bd1
Rxc5 34. Bf3 Rc1+ 35. Kg2 Bb7 36. Rc3 Rxc3 37. bxc3 Kf6 38. Kf1 Ke5 39. Ke2 Kd6
40. Kd2 Ba6 41. h4 f5 42. Be2 Bxe2 43. Kxe2 e5 44. Kd3 Kd5 45. Kc2 c5 46. Kb3
e4 47. Kc2 g5 48. hxg5 hxg5 49. Kd2 f4 50. gxf4 gxf4 51. Ke2 Kc6 52. Kf1 Kb5
53. Kg2 Kc4 54. Kh3 Kxc3 55. Kg4 e3 56. fxe3 fxe3 0-1